[Event "POL-chT U20"]
[Site "Suchedniow"]
[Date "2016.07.28"]
[Round "6.9"]
[White "Kawaler, Adam"]
[Black "Koziorowicz, Michal"]
[Result "1/2-1/2"]
[WhiteElo "1761"]
[BlackElo "1758"]
[PlyCount "112"]
[EventDate "2016.07.23"]
[EventType "team-tourn"]
[EventRounds "9"]
[EventCountry "POL"]
[SourceTitle "EXT 2019"]
[Source "ChessBase"]
[SourceDate "2018.10.10"]
[SourceVersion "1"]
[SourceVersionDate "2018.10.10"]
[SourceQuality "1"]

1. d4 f5 2. Nf3 e6 3. g3 d5 4. Bg2 Nf6 5. c4 c6 6. 0-0 Bd6 7. Nc3 0-0 8. c5 Bc7 9. Qc2 Ne4 10. Bf4 Bxf4 11. gxf4 Bd7 12. e3 Be8 13. Nxe4 fxe4 14. Ne5 Nd7 15. Nxd7 Qxd7 16. f3 exf3 17. Rxf3 Bg6 18. Qf2 Be4 19. Rg3 Bxg2 20. Qxg2 Rf5 21. b4 a5 22. Rb1 Rf7 23. a4 Qc7 24. b5 b6 25. bxc6 Qxc6 26. Rxb6 Qxa4 27. Rxe6 Qc4 28. Qf1 Qc3 29. Qb1 a4 30. Rh6 g6 31. Rhxg6+ Kh8 32. Rb6 Rg8 33. Rxg8+ Kxg8 34. Rb8+ Rf8 35. Rxf8+ Kxf8 36. Qf5+ Kg7 37. Qe5+ Kf8 38. Qh8+ Ke7 39. Qxh7+ Kd8 40. Qg8+ Kc7 41. Qf7+ Kc6 42. Qe8+ Kc7 43. Qxa4 Qe1+ 44. Kg2 Qe2+ 45. Kg3 Qxe3+ 46. Kg4 Qe2+ 47. Kg5 Qe7+ 48. Kh5 Qe2+ 49. Kh4 Qe7+ 50. Kg3 Qe3+ 51. Kg4 Qe2+ 52. Kh4 Qe7+ 53. Kh3 Qe3+ 54. Kg4 Qe2+ 55. Kg5 Qe7+ 56. Kf5 Qe4+ 1/2-1/2

[Event "POL-chT U20"]
[Site "Suchedniow"]
[Date "2016.07.26"]
[Round "4.15"]
[White "Kawaler, Adam"]
[Black "Czopor, Maciej"]
[Result "0-1"]
[WhiteElo "1761"]
[BlackElo "2016"]
[PlyCount "82"]
[EventDate "2016.07.23"]
[EventType "team-tourn"]
[EventRounds "9"]
[EventCountry "POL"]
[SourceTitle "EXT 2019"]
[Source "ChessBase"]
[SourceDate "2018.10.10"]
[SourceVersion "1"]
[SourceVersionDate "2018.10.10"]
[SourceQuality "1"]

1. d4 Nf6 2. Nf3 e6 3. e3 d5 4. c4 Be7 5. Nbd2 0-0 6. Bd3 Nbd7 7. 0-0 dxc4 8. Nxc4 c5 9. Nce5 cxd4 10. exd4 Nb6 11. Bc2 Nbd5 12. a3 Bd7 13. Qd3 a6 14. Ng5 g6 15. Qh3 h5 16. Ngxf7 Rxf7 17. Bxg6 Rg7 18. Bh6 Rxg6 19. Nxg6 Kh7 20. Ne5 Qg8 21. Bd2 Be8 22. Rfe1 b5 23. Rac1 Bd6 24. Nf3 Bd7 25. Ng5+ Kh8 26. Ne4 Be7 27. Nxf6 Nxf6 28. Rc7 Bd6 29. Rxd7 Nxd7 30. Rxe6 Bf8 31. Qxh5+ Qh7 32. Qf3 Rc8 33. Bc3 Bg7 34. Qb7 Rxc3 35. Re8+ Nf8 36. g3 Rc1+ 37. Kg2 Qf5 38. Re2 Bxd4 39. b4 Bg7 40. Qxa6 Qd5+ 41. f3 Qd1 0-1

[Event "POL Olympiad U12"]
[Site "Spala"]
[Date "2014.12.30"]
[Round "7.4"]
[White "Kosakowski, Jakub"]
[Black "Kawaler, Adam"]
[Result "1-0"]
[WhiteElo "1953"]
[BlackElo "1647"]
[PlyCount "55"]
[EventDate "2014.04.06"]
[EventType "swiss"]
[EventRounds "9"]
[EventCountry "POL"]
[SourceTitle "EXT 2023"]
[Source "ChessBase"]
[SourceDate "2022.10.05"]
[SourceVersion "1"]
[SourceVersionDate "2022.10.05"]
[SourceQuality "1"]

1. e4 d6 2. d4 Nf6 3. Nc3 c6 4. f4 Qa5 5. Bd3 e5 6. Nf3 Bg4 7. Be3 Nbd7 8. 0-0 Be7 9. h3 Bxf3 10. Qxf3 0-0 11. Ne2 Rac8 12. c3 a6 13. g4 c5 14. dxe5 dxe5 15. g5 Ne8 16. f5 c4 17. Bc2 Bc5 18. Bxc5 Qxc5+ 19. Kh2 Rc6 20. Rad1 Qe7 21. f6 gxf6 22. Qg4 f5 23. exf5 Nc5 24. f6 Qc7 25. Bf5 e4+ 26. Ng3 Rb6 27. Qh5 Rxb2+ 28. Kh1 1-0

[Event "POL Olympiad U12"]
[Site "Spala"]
[Date "2014.12.30"]
[Round "4.2"]
[White "Pacan Milej, Kosma"]
[Black "Kawaler, Adam"]
[Result "1-0"]
[WhiteElo "1558"]
[BlackElo "1647"]
[PlyCount "89"]
[EventDate "2014.04.06"]
[EventType "swiss"]
[EventRounds "9"]
[EventCountry "POL"]
[SourceTitle "EXT 2023"]
[Source "ChessBase"]
[SourceDate "2022.10.05"]
[SourceVersion "1"]
[SourceVersionDate "2022.10.05"]
[SourceQuality "1"]

1. d4 d5 2. c4 e6 3. Nc3 c5 4. cxd5 exd5 5. Nf3 Nf6 6. g3 Nc6 7. Bg2 Be7 8. 0-0 0-0 9. Bf4 Be6 10. Rc1 Rc8 11. dxc5 Bxc5 12. Ng5 Bd6 13. Bxd6 Qxd6 14. Nxe6 fxe6 15. e3 Ne5 16. Bh3 Rce8 17. Nb5 Qb6 18. Nd4 Qd6 19. Qb3 Rf7 20. Nb5 Qb6 21. Nc7 Qd6 22. Nxe8 Nxe8 23. Bg2 Qf8 24. Qc3 Nc6 25. Qc5 Qxc5 26. Rxc5 Nd6 27. Rfc1 Nc4 28. e4 Nd4 29. Rd1 Ne2+ 30. Kf1 Nxg3+ 31. hxg3 Ne3+ 32. Ke2 Nxd1 33. Rc8+ Rf8 34. Rxf8+ Kxf8 35. Kxd1 d4 36. e5 b6 37. Kd2 Ke7 38. Kd3 Kd7 39. Kxd4 Kc7 40. Kc4 a6 41. a4 Kd8 42. b4 Kc8 43. a5 Kc7 44. axb6+ Kxb6 45. Bh3 1-0

[Event "POL Olympiad U12"]
[Site "Spala"]
[Date "2014.12.30"]
[Round "2.9"]
[White "Wegrzyniak, Pawel"]
[Black "Kawaler, Adam"]
[Result "0-1"]
[WhiteElo "1472"]
[BlackElo "1647"]
[PlyCount "186"]
[EventDate "2014.04.06"]
[EventType "swiss"]
[EventRounds "9"]
[EventCountry "POL"]
[SourceTitle "EXT 2023"]
[Source "ChessBase"]
[SourceDate "2022.10.05"]
[SourceVersion "1"]
[SourceVersionDate "2022.10.05"]
[SourceQuality "1"]

1. e4 c5 2. Nf3 Nc6 3. d4 cxd4 4. Nxd4 g6 5. c4 Nf6 6. Nc3 Nxd4 7. Qxd4 d6 8. Be2 Bg7 9. Be3 0-0 10. Qd2 Be6 11. Bh6 Rc8 12. Bxg7 Kxg7 13. b3 Qa5 14. f3 a6 15. Na4 Qe5 16. Qb2 Qxb2 17. Nxb2 Rc7 18. Kd2 Rfc8 19. Rac1 Nd7 20. Nd3 Nc5 21. Nxc5 dxc5 22. Ke3 Rd7 23. Rhd1 Rcd8 24. f4 f6 25. Rxd7 Rxd7 26. Rd1 Kf7 27. g3 Rxd1 28. Bxd1 Bd7 29. Be2 e5 30. a3 Ke7 31. Bf1 Kd6 32. Be2 Bc8 33. Bf1 Be6 34. a4 Bg4 35. Be2 Bd7 36. Bd3 Kc6 37. fxe5 fxe5 38. a5 b6 39. axb6 Kxb6 40. Kd2 a5 41. Be2 a4 42. bxa4 Ka5 43. Kc3 Kxa4 44. h4 h6 45. Bf3 Bh3 46. Be2 Bg2 47. Bd3 Bf3 48. Bc2+ Ka3 49. Bb1 Be2 50. Bc2 Ka2 51. Ba4 Kb1 52. Be8 g5 53. hxg5 hxg5 54. Bf7 Kc1 55. Kb3 Kd2 56. Ka4 Kc3 57. Kb5 Kd4 58. Be6 Bd3 59. Bd5 Bc2 60. Kc6 Bb3 61. Kd6 Bc2 62. Kc6 Bb1 63. Kd6 Bd3 64. g4 Be2 65. Be6 Bf1 66. Bf7 Bg2 67. Bg6 Bh3 68. Bf5 Bf1 69. Be6 Be2 70. Ke7 Bxc4 71. Bf5 Bd3 72. Kf6 c4 73. Be6 c3 74. Bb3 c2 75. Bxc2 Bxc2 76. Kxg5 Bxe4 77. Kh4 Bc2 78. Kg3 e4 79. Kf2 Kd3 80. Ke1 e3 81. g5 Bb3 82. g6 e2 83. g7 Bc4 84. Kf2 Kd2 85. Kg3 e1Q+ 86. Kf4 Qh4+ 87. Kf5 Ke3 88. Kg6 Kf4 89. g8Q Qg5+ 90. Kh7 Bxg8+ 91. Kh8 Bf7 92. Kh7 Ba2 93. Kh8 Qh6# 0-1

[Event "POL-chT U19 2nd League"]
[Site "Szczyrk"]
[Date "2014.07.25"]
[Round "1.52"]
[White "Maciak, Jakub"]
[Black "Kawaler, Adam"]
[Result "0-1"]
[WhiteElo "1280"]
[BlackElo "1610"]
[PlyCount "96"]
[EventDate "2014.07.25"]
[EventType "team-swiss"]
[EventRounds "11"]
[EventCountry "POL"]
[SourceTitle "EXT 2015"]
[Source "ChessBase"]
[SourceDate "2014.11.20"]
[SourceVersion "1"]
[SourceVersionDate "2014.11.20"]
[SourceQuality "1"]
[WhiteTeam "Kozuchow Odrodzenie U19"]
[BlackTeam "Wroclaw MUKS MDK Srodmiescie U19 II"]
[WhiteTeamCountry "POL"]
[BlackTeamCountry "POL"]

1. e4 c5 2. Nf3 Nc6 3. d4 cxd4 4. Nxd4 g6 5. Nc3 Bg7 6. Be3 Qa5 7. Qd2 Nf6 8. f3 d5 9. Nb3 Qd8 10. 0-0-0 dxe4 11. Qxd8+ Nxd8 12. fxe4 0-0 13. h3 b6 14. Bc4 e6 15. Bf4 Bb7 16. Bd6 Re8 17. Bb5 Bc6 18. Nd4 Rc8 19. Ba6 Bb7 20. Bb5 Nc6 21. Nxc6 Bxc6 22. Ba6 Rcd8 23. Rhe1 e5 24. Bb5 Bxb5 25. Nxb5 Re6 26. Bc7 Bh6+ 27. Kb1 Rxd1+ 28. Rxd1 Nxe4 29. Nxa7 Nd2+ 30. Ka1 e4 31. Nb5 e3 32. Nd4 Re4 33. Ne2 Rc4 34. Bxb6 Rxc2 35. Re1 Bg7 36. Bd4 Nc4 37. Bxg7 Kxg7 38. b3 Nd6 39. a4 Ne4 40. Kb1 Rxe2 41. Rxe2 Nc3+ 42. Kc2 Nxe2 43. b4 Nd4+ 44. Kd3 Kf6 45. b5 e2 46. Kd2 Ke6 47. b6 Kd6 48. a5 Nb3+ 0-1

[Event "POL-chT U19 1st League"]
[Site "Karpacz"]
[Date "2013.07.29"]
[Round "8"]
[White "Kawaler, Adam"]
[Black "Gawor, Jan Pawel"]
[Result "1-0"]
[WhiteElo "1671"]
[BlackElo "1548"]
[PlyCount "71"]
[EventDate "2013.07.22"]
[EventType "team-tourn"]
[EventRounds "9"]
[EventCountry "POL"]
[SourceTitle "EXT 2014"]
[Source "ChessBase"]
[SourceDate "2013.11.20"]
[SourceVersion "1"]
[SourceVersionDate "2013.11.20"]
[SourceQuality "1"]
[WhiteTeam "Wroclaw MUKS MDK Srodmiescie U19"]
[BlackTeam "Wieliczka MKS MOS U19"]
[WhiteTeamCountry "POL"]
[BlackTeamCountry "POL"]

1. Nf3 d5 2. g3 Nf6 3. Bg2 Nc6 4. d3 e5 5. c3 Be6 6. b4 a6 7. a3 Bd6 8. Bb2 Qd7 9. Nbd2 b5 10. Rc1 0-0 11. c4 Bh3 12. cxb5 Bxg2 13. bxc6 Qe7 14. Rg1 Bxf3 15. Nxf3 e4 16. Nd4 e3 17. f3 Be5 18. Nf5 Qe6 19. d4 Bd6 20. Qd3 Rfe8 21. Rc3 Rab8 22. Nxd6 Qxd6 23. Qxa6 Rb6 24. Qa4 Kh8 25. Bc1 Ng8 26. Bxe3 Ne7 27. Bf4 Qe6 28. Re3 Qf6 29. b5 Rc8 30. Bxc7 Nf5 31. Re5 Qg5 32. Bxb6 f6 33. Qa6 Rg8 34. f4 Qg4 35. c7 fxe5 36. c8Q 1-0

[Event "POL-chT U19 1st League"]
[Site "Karpacz"]
[Date "2013.07.26"]
[Round "4"]
[White "Kawaler, Adam"]
[Black "Laszczak, Przemyslaw"]
[Result "1-0"]
[WhiteElo "1671"]
[BlackElo "1545"]
[PlyCount "103"]
[EventDate "2013.07.22"]
[EventType "team-tourn"]
[EventRounds "9"]
[EventCountry "POL"]
[SourceTitle "EXT 2014"]
[Source "ChessBase"]
[SourceDate "2013.11.20"]
[SourceVersion "1"]
[SourceVersionDate "2013.11.20"]
[SourceQuality "1"]
[WhiteTeam "Wroclaw MUKS MDK Srodmiescie U19"]
[BlackTeam "Minsk Mazowiecki MTSz U19"]
[WhiteTeamCountry "POL"]
[BlackTeamCountry "POL"]

1. e4 c6 2. d3 d5 3. Nd2 e5 4. g3 Nf6 5. Bg2 Bc5 6. Ngf3 0-0 7. 0-0 Re8 8. Re1 Qb6 9. Re2 Bg4 10. h3 Bh5 11. Nb3 Bd6 12. Be3 Qc7 13. Bg5 Nbd7 14. Qd2 h6 15. Bxf6 Nxf6 16. g4 Bg6 17. Nh4 Bh7 18. Nf5 b6 19. Re3 dxe4 20. dxe4 Rad8 21. Rd3 Bf8 22. Re1 Rxd3 23. cxd3 a5 24. a3 a4 25. Na1 Bc5 26. Nc2 Rd8 27. Rf1 Bxf5 28. gxf5 Nh5 29. Rd1 Nf4 30. Ne1 Qe7 31. Kf1 Qh4 32. Nf3 Qe7 33. Qc2 b5 34. Qc3 f6 35. Ne1 Qd6 36. Rc1 Bd4 37. Qc2 Kh7 38. h4 Ba7 39. Qxc6 Nxd3 40. Qxd6 Rxd6 41. Rd1 Nxe1 42. Rxd6 Nxg2 43. Kxg2 Bd4 44. Rxd4 exd4 45. h5 Kg8 46. Kf3 Kf7 47. Ke2 Ke7 48. Kd3 Kd6 49. Kxd4 Kc6 50. f3 Kd7 51. Kc5 Kc7 52. f4 1-0

[Event "POL-chT U19 2nd League"]
[Site "Borowice"]
[Date "2012.07.23"]
[Round "4"]
[White "Fudalej, Slawomir"]
[Black "Kawaler, Adam"]
[Result "1-0"]
[WhiteElo "1597"]
[BlackElo "1526"]
[PlyCount "123"]
[EventDate "2012.07.21"]
[EventType "team-swiss"]
[EventRounds "11"]
[EventCountry "POL"]
[SourceTitle "EXT 2014"]
[Source "ChessBase"]
[SourceDate "2013.11.20"]
[SourceVersion "1"]
[SourceVersionDate "2013.11.20"]
[SourceQuality "1"]
[WhiteTeam "Kozuchow Odrodzenie U19"]
[BlackTeam "Wroclaw MUKS MDK Srodmiescie U19 II"]
[WhiteTeamCountry "POL"]
[BlackTeamCountry "POL"]

1. d4 c5 2. d5 e5 3. c4 d6 4. e4 Be7 5. Nf3 Bg4 6. Be2 Bxf3 7. Bxf3 Bg5 8. Nc3 a6 9. 0-0 Nd7 10. a3 Bxc1 11. Qxc1 Ngf6 12. b4 0-0 13. Na4 b5 14. cxb5 axb5 15. Nc3 Qb6 16. Be2 c4 17. Qb1 g6 18. a4 bxa4 19. Nxa4 Qb5 20. Qc2 Rfc8 21. Rfb1 Nxe4 22. Qxe4 Rxa4 23. Rxa4 Qxa4 24. Bxc4 f5 25. Qe2 Nb6 26. Bb5 Rc2 27. Bxa4 Rxe2 28. Bc6 Ra2 29. b5 Kf7 30. Rc1 Kf6 31. g3 e4 32. Bb7 Rb2 33. Rc6 Rxb5 34. Rxd6+ Ke5 35. Re6+ Kd4 36. d6 Re5 37. d7 Nxd7 38. Rd6+ Kc3 39. Rxd7 h6 40. Rd6 g5 41. Rxh6 Rb5 42. Ba6 Ra5 43. Bf1 f4 44. Rh5 Ra2 45. Rxg5 e3 46. gxf4 e2 47. Bxe2 Rxe2 48. h4 Re4 49. Rf5 Re6 50. Kg2 Kd4 51. Kh3 Rg6 52. Rg5 Rf6 53. Kg4 Ke4 54. Re5+ Kd4 55. Kg5 Rf8 56. h5 Rg8+ 57. Kf5 Rg2 58. h6 Rxf2 59. h7 Rh2 60. Kg6 Rh4 61. Rh5 Rxf4 62. h8Q+ 1-0

[Event "Wroclaw op-C 7th"]
[Site "Wroclaw"]
[Date "2012.07.05"]
[Round "7"]
[White "Szulc, Patrycja"]
[Black "Kawaler, Adam"]
[Result "0-1"]
[WhiteElo "1412"]
[BlackElo "1526"]
[PlyCount "74"]
[EventDate "2012.07.02"]
[EventType "tourn"]
[EventRounds "9"]
[EventCountry "POL"]
[SourceTitle "EXT 2013"]
[Source "ChessBase"]
[SourceDate "2012.11.22"]
[SourceVersion "1"]
[SourceVersionDate "2012.11.22"]
[SourceQuality "1"]

1. e4 c5 2. Nf3 Nc6 3. d4 cxd4 4. Nxd4 g6 5. Be3 Bg7 6. Nc3 Nf6 7. f3 0-0 8. Be2 Qb6 9. Na4 Qc7 10. Qd2 d5 11. Nxc6 Qxc6 12. Nc3 dxe4 13. Bb5 Qe6 14. f4 Bd7 15. Bxd7 Nxd7 16. 0-0-0 Rfd8 17. Kb1 Rac8 18. Nb5 b6 19. h4 Nf6 20. Qxd8+ Rxd8 21. Rxd8+ Bf8 22. Nxa7 Nd5 23. Re1 Nxe3 24. Rxe3 Qg4 25. g3 f5 26. Nc6 Qh3 27. a3 Qf1+ 28. Ka2 Qc4+ 29. Rb3 Qxc6 30. Rd2 Qc4 31. Ka1 Qf1+ 32. Ka2 Bg7 33. Rd8+ Kf7 34. Rb5 Qc4+ 35. Kb1 Bd4 36. Kc1 e3 37. Kd1 Qf1# 0-1